000 01533cad a2200277 4500
001 L158860
008 100215n2013 000 0 eng u
020 _a9781783210305
035 _a(Sirsi) u158860
041 _aeng
100 1 _aSkaik, Samer
111 2 _aConstruction and Building Research Conference
_cIIT Delhi, New Delhi
_d10-12 September 2013
245 0 0 _aImproving the practice of subcontract nomination in the UAE construction industry
_h[electronic resource]
260 _aLondon
_bRICS
_c2013
490 0 _aCOBRA
_v2013
520 _aA paper presented at the COBRA Conference in New Delhi on 10-12 September 2013. Looks at problems arising from the practice of Subcontract Nomination in the construction industry in the UAE and in so doing pinpoints the possible solutions. The research concluded that despite the significant reasons and benefits of nomination, the associated risks and challenges don?t encourage adopting it. The full involvement of the Main Contractor in the nomination process from the outset and the better detailed provisions of the contract nomination clauses were found the best possible approaches to improve the practice of subcontract nomination in the UAE.
650 2 4 _aCONSTRUCTION AND BUILDING RESEARCH CONFERENCE (COBRA)
650 2 4 _aFIDIC
650 2 4 _aCONTRACT MANAGEMENT
650 2 4 _aNOMINATED SUBCONTRACTORS
651 4 _aUnited Arab Emirates
690 _aConstruction management
_96230
690 _aProcurement
_96260
700 1 _aAl-Hajj, Assem
942 _n0
999 _c115549
_d115549